000 00717nam a2200265Ia 4500
005 20260121172107.0
008 008 260114s9999 xx 000 0 eng d
020 _a9783030509255
037 _aEBOOK
040 _aCRL
040 _beng
040 _cCRL
041 _2eng
041 _aeng
084 _qCRL
100 _aJean Fornasiero, Sarah M. A. Reed, Rob Amery, Eric Bouvet, Kayoko Enomoto, Hui Ling Xu
_91084200
245 0 _aIntersections in Language Planning and Policy
260 _bSpringer
260 _bSpringer
260 _c2020
856 _uhttps://link.springer.com/openurl?genre=book&isbn=978-3-030-50925-5
942 _cEBOOK
999 _c1649934
_d1649934